00929nam a22002297a 450000100060000000300080000600500170001400800410003103500190007204000350009104100080012608200280013410000210016224502140018326000690039730000370046650200770050350400290058065000240060970000360063370000300066980840BD-RjUL20230607124537.0221123s2001 bg a|||| m||| 00| 0 eng d a(BD-RjUL)80840 aBD-RjULbengcBD-RjULdBD-RjUL aeng 223a620.11295bMUS 2001 aMuhibbullah, Md.10aStudy of the electrical and optical properties of CuO and CdS thin films prepared by spray method and formation of CuO/CdS heterojunction /cby Md. Muhibbullah ;6Supervisor : M. G. M. Chaudhury, & M. O. Hakim aRajshahi :bDepartment of Physics, University of Rajshahi,c2001 avi, 147 leaves :bill, ;c29.cm. aThesis (M. Phil.) -- Department of Physics, University of Rajshahi, 2001 aReferences : Leaves 91 - aOptical properties  aChaudhury, M. G. M. Supervisor  aHakim, M. O. Supervisor